000 00444nam a2200181Ia 4500
001 2379
005 20260306144802.0
008 260306t2017||||xx |||||||||||||| ||spa||
041 _aESP
082 _a616.89
_bC28
100 _aCarlat, Daniel J.
_eAUT
245 0 _aLa entrevista psiquiátrica y el examen mental
260 _c2017
300 _axix, 335 páginas :
_c18 cm.
650 _aGEN
654 _aCPS
942 _cLIB
_dJUS
_fJUS
_2ddc
_n
999 _c2379
_d2379